|
|
|
|
| LEADER |
00760nta a2200181 i 4500 |
| 001 |
dipl110638 |
| 005 |
20210421082451.0 |
| 008 |
210409s2020 hu om 0|| zxx d |
| 040 |
|
|
|a SZTE Diploma Repozitórium
|b hun
|
| 041 |
|
|
|a zxx
|
| 100 |
1 |
|
|a Turza Ágnes
|
| 245 |
1 |
2 |
|a A fás legelők ökológiai értékei és kulturális öröksége
|h [elektronikus dokumentum] /
|c Ágnes Turza
|
| 246 |
1 |
0 |
|a The ecological values and cultural heritage of wood- pastures
|h [elektronikus dokumentum]
|
| 260 |
|
|
|c 2020
|
| 650 |
|
4 |
|a Természettudományok
|
| 650 |
|
4 |
|a Ecology (theoretical and experimental; population, species and community level)
|
| 700 |
1 |
|
|a Tölgyesi Csaba
|e ths
|
| 856 |
4 |
0 |
|u http://diploma.bibl.u-szeged.hu/id/eprint/110638/1/2020_turza_agnes.pdf
|z Dokumentum-elérés
|